00466nam a2200109Ia 4500008004100000100002100041245007600062245010800138260004900246650001300295856004800308170221s9999 xx 000 0 und d aMostafa M. Maksy aWhich free cash flow is value relevant? The case of the energy industry cMostafa M. Maksy, Kutztown University of Pennsylvania; Gary T. Chen, University of Illinois at Chicago. bJournal of Management and Marketing Research xBusiness uhttp://www.aabri.com/manuscripts/131529.pdf